000 01014nam a2200301 i 4500
001 bg
100 1 _aSaussure, Ferdinand de
_d(1857-1913).
245 1 0 _aKurs językoznawstwa ogólnego /
_cFerdinand de Saussure ; przekł. Krystyna Kasprzyk.
246 1 _iTyt. oryg. :
_aCours de linguistique générale
250 _aWyd. 3 /
_bwstęp i przypisy Kazimierz Polański.
260 _aWarszawa :
_bWydawnictwo Naukowe PWN,
_c2002.
300 _a279 s. :
_bil. ;
_c24 cm.
504 _aIndeks.
521 _aPodręcznik akademicki
650 9 _aJęzykoznawstwa
655 _aPodręczniki akademickie
700 1 _aKasprzyk, Krystyna
_d(1922- )
_eTł.
700 1 _aPolański, Kazimierz
_d(1929- )
_ePrzedm.
020 _a8301137738
040 _cBPK
041 1 _apol
_hfre
044 _apol
080 _a81(075.8)
920 _a83-01-13773-8
942 _cKS
008 s pl f |000 0 pol
999 _c53957
_d53957
856 _uhttp://koha.tu.koszalin.pl/cgi-bin/koha/opac-detail.pl?biblionumber=53957
_yKatalog online BPK